000 00591cab a2200217 4500
001 X2697
008 090401t1991 xxu||||| |||| 00| 0 eng d
035 _a(Sirsi) u25849
041 _aeng
100 _aGubbins, N.
245 _aForeign currency loans - a credible borrowing alternative
260 _c1991
350 _a0
490 _aJournal of Property Finance
_v2(1) Summer 1991, 51-55(3)
650 _aERM
650 _aEXCHANGE RATE MECHANISM
650 _aFOREIGN CURRENCY LOANS
690 _aPROPERTY-PROPERTY FINANCE AND INVESTMENT
942 _n0
948 _c04/03/1997
999 _c17372
_d17372